[Event "Asian Open Men"]
[Site "Ho Chi Minh"]
[Date "2012.05.09"]
[Round "5"]
[Board "5"]
[White "Gomez, John Paul"]
[Black "Zhou, Jianchao"]
[Result "1-0"]
[WhiteElo "2507"]
[BlackElo "2609"]
[PlyCount "83"]
[EventDate "2012.05.05"]
[EventRounds "9"]
[EventCountry "VIE"]

1. d4 Nf6 2. c4 g6 3. Nc3 d5 4. Bg5 Ne4 5. Bf4 Nxc3 6. bxc3 Bg7 7. e3 c5 8.
cxd5 Qxd5 9. Nf3 O-O 10. Be2 cxd4 11. cxd4 b6 12. Ne5 Bxe5 13. Bxe5 Bb7 14. f3
Ba6 15. O-O Bxe2 16. Qxe2 Nc6 17. Bg3 Rfc8 18. Rfd1 Nb4 19. e4 Qc4 20. Qd2 Nc2
21. Rac1 Qxa2 22. d5 Qb3 23. Bf2 Na3 24. Qg5 Qb4 25. h4 Nc4 26. h5 Qd6 27. hxg6
fxg6 28. Bd4 e5 29. Rxc4 Rxc4 30. Bxe5 Qd8 31. Bf6 Qd7 32. d6 Rc5 33. Qg4 Qxg4
34. fxg4 Kf7 35. g5 Rc4 36. e5 a5 37. d7 a4 38. d8=Q Rxd8 39. Rxd8 b5 40. Rd7+
Ke6 41. Rd6+ Kf5 42. e6 1-0

[Event "Asian Open Men"]
[Site "Ho Chi Minh"]
[Date "2012.05.09"]
[Round "5"]
[Board "6"]
[White "Zhao, Jun"]
[Black "Gao, Rui"]
[Result "1/2-1/2"]
[WhiteElo "2577"]
[BlackElo "2427"]
[PlyCount "62"]
[EventDate "2012.05.05"]
[EventRounds "9"]
[EventCountry "VIE"]

1. Nf3 Nf6 2. c4 g6 3. Nc3 d5 4. cxd5 Nxd5 5. Qc2 Nc6 6. d4 Ndb4 7. Qa4 Bd7 8.
Qd1 e5 9. dxe5 Bf5 10. Bg5 Be7 11. e4 Bg4 12. Bxe7 Qxe7 13. a3 Bxf3 14. gxf3
Rd8 15. Qa4 Nd3+ 16. Bxd3 Rxd3 17. Qb5 Rd4 18. f4 O-O 19. h4 Qe6 20. Qe2 Rfd8
21. h5 Qb3 22. hxg6 hxg6 23. Rh3 Rd2 24. Qg4 R2d3 25. Rxd3 Rxd3 26. Rd1 Rxd1+
27. Nxd1 Nd4 28. Qd7 Qd3 29. Qd8+ Kg7 30. Qf6+ Kg8 31. Qd8+ Kg7 1/2-1/2

[Event "Asian Open Men"]
[Site "Ho Chi Minh"]
[Date "2012.05.09"]
[Round "5"]
[Board "7"]
[White "Novita, Anjas"]
[Black "Gupta, Abhijeet"]
[Result "0-1"]
[WhiteElo "2304"]
[BlackElo "2644"]
[PlyCount "121"]
[EventDate "2012.05.05"]
[EventRounds "9"]
[EventCountry "VIE"]

1. e4 e5 2. Nf3 Nc6 3. Bb5 a6 4. Ba4 Nf6 5. O-O Bc5 6. Re1 O-O 7. c3 b5 8. Bc2
d6 9. h3 Bb6 10. d4 h6 11. dxe5 Nxe5 12. Nxe5 dxe5 13. Qxd8 Rxd8 14. Nd2 Be6
15. Nf1 Nd7 16. Be3 Nc5 17. Rad1 a5 18. a3 a4 19. Bxc5 Bxc5 20. Rxd8+ Rxd8 21.
Rd1 Rb8 22. Nd2 Kf8 23. Nf3 Bd6 24. Ne1 Ke7 25. Nd3 c5 26. f4 exf4 27. e5 Bc7
28. Nxf4 Bxe5 29. Nxe6 Kxe6 30. Kf2 f5 31. Ke2 h5 32. Kf3 h4 33. Ke3 g6 34. Ke2
c4 35. Kf3 Bg7 36. Re1+ Kf6 37. Rd1 Bh6 38. Kf2 Bf4 39. Kf3 Kg5 40. Kf2 Re8 41.
Rd5 Be3+ 42. Kf1 Rb8 43. Rd1 Kf4 44. Ke2 Re8 45. Rf1+ Kg5 46. Rb1 Bf4+ 47. Kf2
Bg3+ 48. Kf3 Bd6 49. Kf2 Bc5+ 50. Kf1 Kf4 51. Re1 Rxe1+ 52. Kxe1 Be3 53. Bd1
Bc1 54. Bf3 Bxb2 55. Kd2 Bxa3 56. Bc6 Kg3 57. Kc2 Bd6 58. Kb2 Be5 59. Kc2 a3
60. Bxb5 a2 61. Kb2 {Kxh3 gxh3} 0-1

[Event "Asian Open Men"]
[Site "Ho Chi Minh"]
[Date "2012.05.09"]
[Round "5"]
[Board "8"]
[White "Sethuraman, S P"]
[Black "Dao, Thien Hai"]
[Result "0-1"]
[WhiteElo "2546"]
[BlackElo "2514"]
[PlyCount "72"]
[EventDate "2012.05.05"]
[EventRounds "9"]
[EventCountry "VIE"]

1. e4 c5 2. Nf3 d6 3. d4 cxd4 4. Nxd4 Nf6 5. Nc3 a6 6. Be2 e5 7. Nb3 Be7 8. O-O
O-O 9. Re1 Be6 10. Bf3 Nbd7 11. a4 Qc7 12. a5 h6 13. Be3 Rfc8 14. h3 Qd8 15.
Nd2 b5 16. axb6 Nxb6 17. Ra3 Rc6 18. Ra5 Nc4 19. Nxc4 Bxc4 20. Qa1 Qc8 21. Be2
Bd8 22. Ra4 Rb8 23. Bxc4 Rxc4 24. Rxc4 Qxc4 25. Qa3 Bc7 26. Rd1 Nxe4 27. Nxe4
Qxe4 28. Qxa6 f5 29. Qa7 Qc6 30. Rd3 Rxb2 31. Qa3 Rxc2 32. Bd2 Kh7 33. Qb3 Qc4
34. Qa3 Ra2 35. Qc3 Qxc3 36. Bxc3 Ra3 0-1

[Event "Asian Open Men"]
[Site "Ho Chi Minh"]
[Date "2012.05.09"]
[Round "5"]
[Board "9"]
[White "Ju, Wenjun"]
[Black "Nguyen, Van Huy"]
[Result "1/2-1/2"]
[WhiteElo "2529"]
[BlackElo "2502"]
[PlyCount "64"]
[EventDate "2012.05.05"]
[EventRounds "9"]
[EventCountry "VIE"]

1. d4 Nf6 2. c4 e6 3. Nc3 Bb4 4. e3 b6 5. Bd3 Bb7 6. Nf3 O-O 7. O-O d5 8. cxd5
exd5 9. Bd2 Nbd7 10. Rc1 a6 11. Ne5 Bd6 12. f4 c5 13. Qf3 Re8 14. Be1 Nf8 15.
Bh4 Be7 16. Bxf6 Bxf6 17. dxc5 bxc5 18. Na4 c4 19. Bxc4 dxc4 20. Qxb7 Bxe5 21.
fxe5 Qd7 22. Qxd7 Nxd7 23. Rxc4 Nxe5 24. Rc3 Rad8 25. h3 Rd2 26. Rf2 Rd1+ 27.
Kh2 Nd3 28. Rfc2 h5 29. a3 Rxe3 30. Nc5 h4 31. Nxd3 Rexd3 32. Rxd3 Rxd3 1/2-1/2

[Event "Asian Open Men"]
[Site "Ho Chi Minh"]
[Date "2012.05.09"]
[Round "5"]
[Board "11"]
[White "Xiu, Deshun"]
[Black "Lu, Shanglei"]
[Result "0-1"]
[WhiteElo "2494"]
[BlackElo "2522"]
[PlyCount "54"]
[EventDate "2012.05.05"]
[EventRounds "9"]
[EventCountry "VIE"]

1. d4 d5 2. c4 c6 3. Nf3 Nf6 4. Nc3 e6 5. Bg5 dxc4 6. a4 Bb4 7. e4 Qa5 8. Bd2
c5 9. Bxc4 O-O 10. dxc5 Qxc5 11. Qe2 Nc6 12. O-O Qh5 13. e5 Nd7 14. Bf4 Bxc3
15. bxc3 b6 16. Qe3 Bb7 17. Be2 Ne7 18. Nd4 Qg6 19. Bg3 Nd5 20. Qf3 Nc5 21.
Rfc1 Rad8 22. a5 Ne4 23. Bd3 Ndxc3 24. Qe3 f5 25. exf6 Qxf6 26. Nxe6 Rxd3 27.
Qxd3 Nxg3 0-1

[Event "Asian Open Men"]
[Site "Ho Chi Minh"]
[Date "2012.05.09"]
[Round "5"]
[Board "12"]
[White "Paragua, Mark"]
[Black "Nezad, Husein Aziz"]
[Result "1-0"]
[WhiteElo "2521"]
[BlackElo "2393"]
[PlyCount "31"]
[EventDate "2012.05.05"]
[EventRounds "9"]
[EventCountry "VIE"]

1. e4 e5 2. Nf3 Nc6 3. Bb5 a6 4. Ba4 Nge7 5. Nc3 d6 6. a3 g6 7. d4 Bd7 8. Bg5
Bg7 9. Nd5 b5 10. Bb3 h6 11. Bf6 O-O 12. dxe5 Bxf6 13. Nxf6+ Kg7 14. Qd2 Be6
15. exd6 Bxb3 16. Qc3 1-0

[Event "Asian Open Men"]
[Site "Ho Chi Minh"]
[Date "2012.05.09"]
[Round "5"]
[Board "16"]
[White "Kuderinov, Kirill"]
[Black "Ghaem, Maghami Ehsan"]
[Result "0-1"]
[WhiteElo "2493"]
[BlackElo "2579"]
[PlyCount "86"]
[EventDate "2012.05.05"]
[EventRounds "9"]
[EventCountry "VIE"]

1. d4 Nf6 2. Nf3 d5 3. g3 c6 4. Bg2 Bf5 5. c4 e6 6. Nc3 Nbd7 7. Qb3 Qb6 8. c5
Qxb3 9. axb3 a6 10. Bf4 h6 11. b4 Rc8 12. h4 Be7 13. Ne5 Bd8 14. f3 Nh5 15. e4
Bh7 16. Kf2 Nxf4 17. gxf4 Nf6 18. h5 Bc7 19. Ke3 O-O 20. Nd1 Ra8 21. Nf2 Rfd8
22. Bf1 dxe4 23. fxe4 Bxe4 24. Nxe4 Nd5+ 25. Kf2 Nxb4 26. Rd1 Nc2 27. Rg1 Kf8
28. Bh3 Nxd4 29. Nf3 Nb3 30. f5 exf5 31. Bxf5 a5 32. Kg2 a4 33. Rxd8+ Rxd8 34.
Rf1 Rd5 35. Nh4 Kg8 36. Nc3 Rd2+ 37. Kh3 Nxc5 38. Rb1 Rf2 39. Re1 Kf8 40. Ne4
Rh2+ 41. Kg4 Nd3 42. Rd1 Ne5+ 43. Kg3 Nc4+ 0-1

[Event "Asian Open Men"]
[Site "Ho Chi Minh"]
[Date "2012.05.09"]
[Round "5"]
[Board "18"]
[White "Nguyen, Huynh Minh Huy"]
[Black "Jumabayev, Rinat"]
[Result "0-1"]
[WhiteElo "2442"]
[BlackElo "2556"]
[PlyCount "54"]
[EventDate "2012.05.05"]
[EventRounds "9"]
[EventCountry "VIE"]

1. d4 g6 2. Nf3 Bg7 3. g3 c5 4. Bg2 cxd4 5. Nxd4 Nc6 6. Nb3 a5 7. a4 d6 8. Na3
Nf6 9. Nb5 O-O 10. O-O Bf5 11. c3 d5 12. Bg5 Ne4 13. Be3 Ne5 14. Bd4 b6 15. f3
Nd6 16. Bxe5 Bxe5 17. Qxd5 Bxg3 18. N3d4 e6 19. Qxa8 Qxa8 20. hxg3 Nxb5 21.
axb5 e5 22. Nc6 Re8 23. Rfd1 Qc8 24. Rd6 Kg7 25. Rad1 e4 26. f4 Bg4 27. Bf1 Bh3
0-1

[Event "Asian Open Men"]
[Site "Ho Chi Minh"]
[Date "2012.05.09"]
[Round "5"]
[Board "20"]
[White "Wen, Yang"]
[Black "Nguyen, Duc Hoa"]
[Result "1/2-1/2"]
[WhiteElo "2550"]
[BlackElo "2496"]
[PlyCount "144"]
[EventDate "2012.05.05"]
[EventRounds "9"]
[EventCountry "VIE"]

1. d4 Nf6 2. c4 e6 3. g3 d5 4. Nf3 Bb4+ 5. Bd2 Be7 6. Bg2 c6 7. Qc2 O-O 8. O-O
Nbd7 9. Rd1 b6 10. b3 Ba6 11. a4 c5 12. a5 Qc8 13. cxd5 Nxd5 14. Nc3 N7f6 15.
Rac1 Bb7 16. Na4 cxd4 17. Qd3 Qe8 18. a6 Bc8 19. Nxd4 b5 20. Nc5 Bxc5 21. Rxc5
Bxa6 22. Ra1 Bb7 23. Qxb5 Nd7 24. Rcc1 N7b6 25. e4 Nf6 26. Bb4 Qxb5 27. Nxb5
Rfd8 28. f3 Rd3 29. Rc3 Rxc3 30. Bxc3 Nc8 31. Bd4 Ne8 32. Nxa7 Ncd6 33. Rd1 f5
34. exf5 Nxf5 35. Bc5 Nf6 36. b4 Bd5 37. b5 Rb8 38. Rb1 Nd7 39. Bf2 Ne5 40. g4
Nd6 41. Bg3 Nec4 42. b6 Rb7 43. Bf2 Nd2 44. Rb4 Nxf3+ 45. Bxf3 Bxf3 46. Bg3 Ne4
47. Bc7 Nf6 48. Nc8 Nd5 49. Rc4 Be2 50. Rc6 Bf3 51. Rc5 Bxg4 52. Nd6 Rxb6 53.
Bxb6 Nxb6 54. Rc7 h5 55. h4 Nd5 56. Ra7 Ne3 57. Nf7 Nf5 58. Ng5 g6 59. Kf2 e5
60. Ra5 Nxh4 61. Ke3 Kg7 62. Ke4 Kf6 63. Nh7+ Ke6 64. Ra6+ Ke7 65. Ng5 Kd7 66.
Rf6 Bf5+ 67. Kxe5 Ng2 68. Rf7+ Kc6 69. Nf3 Kb6 70. Nd4 Ne3 71. Rh7 Nc4+ 72. Kd5
Ne3+ 1/2-1/2

[Event "Asian Open Men"]
[Site "Ho Chi Minh"]
[Date "2012.05.09"]
[Round "5"]
[Board "21"]
[White "Tu, Hoang Thong"]
[Black "Gundavaa, Bayarsaikhan"]
[Result "1/2-1/2"]
[WhiteElo "2434"]
[BlackElo "2516"]
[PlyCount "100"]
[EventDate "2012.05.05"]
[EventRounds "9"]
[EventCountry "VIE"]

1. d4 Nf6 2. Nf3 e6 3. Bf4 c5 4. e3 Nc6 5. c3 Be7 6. Nbd2 O-O 7. h3 d5 8. Bd3
Bd6 9. Bxd6 Qxd6 10. dxc5 Qxc5 11. e4 e5 12. O-O Be6 13. Ng5 Rad8 14. Nxe6 fxe6
15. Qe2 Rd7 16. Rad1 Qb6 17. Nb3 a5 18. exd5 exd5 19. Qe3 Qc7 20. Bb5 Rd6 21.
Rfe1 Re8 22. Qc5 b6 23. Qa3 Re7 24. c4 Nb4 25. Rc1 Qd8 26. cxd5 Nfxd5 27. Nd2
Nf4 28. Ne4 Rg6 29. Ng3 h5 30. Qb3+ Kh7 31. a3 Qa8 32. Bf1 Nbd3 33. Qxd3 Nxd3
34. Bxd3 Ree6 35. Be4 Qe8 36. Nxh5 Kh6 37. Bxg6 Kxg6 38. Ng3 Rc6 39. Rcd1 Kh7
40. Re2 Qe6 41. Kh2 Qb3 42. Rdd2 Re6 43. Rd7 Qb5 44. Rdd2 Kg6 45. Re4 Rc6 46.
Rg4+ Kh7 47. Rg5 Rg6 48. Rh5+ Rh6 49. Rg5 Rg6 50. Rh5+ Rh6 1/2-1/2

[Event "Asian Open Men"]
[Site "Ho Chi Minh"]
[Date "2012.05.09"]
[Round "5"]
[Board "22"]
[White "Cao, Sang"]
[Black "Lou, Yiping"]
[Result "1/2-1/2"]
[WhiteElo "2513"]
[BlackElo "2428"]
[PlyCount "93"]
[EventDate "2012.05.05"]
[EventRounds "9"]
[EventCountry "VIE"]

1. e4 e6 2. d4 d5 3. Nc3 Nf6 4. Bg5 dxe4 5. Nxe4 Nbd7 6. Nf3 h6 7. Nxf6+ Nxf6
8. Bxf6 Qxf6 9. Bb5+ c6 10. Bd3 Bd6 11. Qe2 Bd7 12. O-O-O O-O-O 13. Kb1 Kb8 14.
c3 c5 15. Bb5 Bxb5 16. Qxb5 Qg6+ 17. Qd3 Qxd3+ 18. Rxd3 cxd4 19. Nxd4 a6 20.
Rhd1 Kc7 21. Kc2 g6 22. Nf3 Rhe8 23. Nd2 Bc5 24. Rh3 h5 25. Rd3 Rxd3 26. Kxd3
f5 27. Ke2 e5 28. Nc4 e4 29. Rd5 b6 30. h4 Re6 31. g3 Bf8 32. Re5 Rf6 33. Re8
b5 34. Ne3 Kd7 35. Rb8 Bh6 36. Rb7+ Kc6 37. Ra7 Bxe3 38. Kxe3 Kd5 39. Rd7+ Ke6
40. Rd4 Ke5 41. a4 Rc6 42. axb5 axb5 43. Rb4 Rc5 44. f3 exf3 45. Kxf3 Kf6 46.
Rd4 g5 47. hxg5+ 1/2-1/2

[Event "Asian Open Men"]
[Site "Ho Chi Minh"]
[Date "2012.05.09"]
[Round "5"]
[Board "23"]
[White "Yu, Ruiyuan"]
[Black "Narayanan, Srinath"]
[Result "1-0"]
[WhiteElo "2511"]
[BlackElo "2383"]
[PlyCount "81"]
[EventDate "2012.05.05"]
[EventRounds "9"]
[EventCountry "VIE"]

1. e4 c5 2. Nf3 d6 3. d4 Nf6 4. Nc3 cxd4 5. Qxd4 a6 6. Be3 Nc6 7. Qd2 e6 8.
O-O-O Be7 9. Bf4 Ng4 10. h3 Nge5 11. Nxe5 dxe5 12. Qxd8+ Bxd8 13. Be3 Rb8 14.
Na4 b5 15. Nc5 Bb6 16. c3 Ke7 17. b4 Rd8 18. Be2 h6 19. Kc2 f6 20. Rxd8 Nxd8
21. Ra1 Nf7 22. a4 Nd6 23. axb5 axb5 24. f3 f5 25. Bf2 fxe4 26. fxe4 Bb7 27.
Bh4+ g5 28. Nxb7 Rxb7 29. Bg3 Bc7 30. Bxe5 Nxe4 31. Bg7 Nf6 32. Bxh6 Bf4 33.
Ra5 Nd5 34. g3 Bxg3 35. Bxg5+ Kd6 36. Rxb5 Rf7 37. Bg4 Be1 38. Rc5 Rf2+ 39. Kb3
Rg2 40. Bh6 Rf2 41. Rc4 1-0

[Event "Asian Open Men"]
[Site "Ho Chi Minh"]
[Date "2012.05.09"]
[Round "5"]
[Board "24"]
[White "Venkatesh, M R"]
[Black "Pham, Chuong"]
[Result "1-0"]
[WhiteElo "2517"]
[BlackElo "2349"]
[PlyCount "81"]
[EventDate "2012.05.05"]
[EventRounds "9"]
[EventCountry "VIE"]

1. Nf3 Nf6 2. c4 e6 3. g3 d5 4. b3 Be7 5. Bb2 O-O 6. Bg2 b6 7. O-O Bb7 8. e3
Nbd7 9. Nc3 c5 10. Qe2 Rc8 11. Rac1 Qc7 12. Nh4 dxc4 13. bxc4 Rfd8 14. f4 Bxg2
15. Nxg2 Nf8 16. d3 Rd7 17. g4 Rcd8 18. Rcd1 Qb7 19. h4 Ne8 20. f5 Bf6 21. e4
Qb8 22. Nf4 Be5 23. fxe6 fxe6 24. Ng2 Ng6 25. Kh1 Bd4 26. g5 Qe5 27. Rc1 Nd6
28. Qg4 Rf7 29. h5 Ne7 30. Nh4 Rdf8 31. Nf3 Qf4 32. Qxe6 Kh8 33. Ne2 Qe3 34.
Nexd4 Rxf3 35. Nxf3 Rxf3 36. Qg4 Rg3 37. Qf4 Qxf4 38. Rxf4 Rxg5 39. Rf8+ Ng8
40. Rc2 b5 41. Rg2 1-0

[Event "Asian Open Men"]
[Site "Ho Chi Minh"]
[Date "2012.05.09"]
[Round "5"]
[Board "25"]
[White "Torre, Eugenio"]
[Black "Pitra, Andika"]
[Result "0-1"]
[WhiteElo "2496"]
[BlackElo "2327"]
[PlyCount "112"]
[EventDate "2012.05.05"]
[EventRounds "9"]
[EventCountry "VIE"]

1. d4 Nf6 2. Nf3 g6 3. Bg5 Bg7 4. Nbd2 d5 5. e3 O-O 6. Be2 c5 7. c3 Nbd7 8. O-O
b6 9. b4 c4 10. Bxf6 exf6 11. e4 Bb7 12. exd5 b5 13. a4 a6 14. Ne4 Bxd5 15. Nc5
Re8 16. Ne1 f5 17. Nxd7 Qxd7 18. Nc2 Bh6 19. Bf3 Be4 20. Ra2 Rad8 21. Bxe4 fxe4
22. axb5 axb5 23. Qa1 Re7 24. Ra8 Rxa8 25. Qxa8+ Re8 26. Qa6 Bd2 27. Qa1 Qg4
28. Na3 Qg5 29. Nc2 Qg4 30. Ne3 Qg5 31. Nd1 h5 32. h3 h4 33. Qa7 Re7 34. Qb6
Kg7 35. Kh1 Re6 36. Qb7 Re7 37. Qa6 Qf5 38. Kg1 Qg5 39. Kh1 Re6 40. Qa8 Qf5 41.
Qa1 Rf6 42. Kg1 Qg5 43. Kh1 Qf4 44. Rg1 Rf5 45. Qa8 Rg5 46. Qe8 Rf5 47. Qe7 Rg5
48. Qe8 Qf5 49. Qe7 Qe6 50. Qa7 Rf5 51. Qa2 Rf3 52. Rf1 Rxh3+ 53. Kg1 Rd3 54.
Ne3 h3 55. d5 Qf6 56. Qa7 Bxe3 0-1

[Event "Asian Open Men"]
[Site "Ho Chi Minh"]
[Date "2012.05.09"]
[Round "5"]
[Board "26"]
[White "Tran, Quoc Dung"]
[Black "Nguyen, Anh Dung"]
[Result "0-1"]
[WhiteElo "2303"]
[BlackElo "2440"]
[PlyCount "64"]
[EventDate "2012.05.05"]
[EventRounds "9"]
[EventCountry "VIE"]

1. d4 Nf6 2. Nf3 e6 3. c4 b6 4. g3 Ba6 5. Qc2 c5 6. Bg2 Nc6 7. dxc5 bxc5 8. O-O
Be7 9. Bf4 O-O 10. Na3 d5 11. Qa4 Qb6 12. Ne5 Bb7 13. cxd5 exd5 14. Nac4 dxc4
15. Nxc6 Rfe8 16. Rab1 Bf8 17. e3 a5 18. h4 h6 19. Rfd1 Re6 20. Nd8 Bxg2 21.
Nxe6 Bc6 22. Qxc4 Bb5 23. Bc7 Bxc4 24. Bxb6 Bxe6 25. Rd8 Rxd8 26. Bxd8 a4 27.
Bxf6 gxf6 28. a3 f5 29. Rd1 Bb3 30. Rd8 Kg7 31. f3 c4 32. Rc8 Be7 0-1

[Event "Asian Open Men"]
[Site "Ho Chi Minh"]
[Date "2012.05.09"]
[Round "5"]
[Board "29"]
[White "Garcia, Jan Emmanuel"]
[Black "Tu, Hoang Thai"]
[Result "1/2-1/2"]
[WhiteElo "2399"]
[BlackElo "2295"]
[PlyCount "62"]
[EventDate "2012.05.05"]
[EventRounds "9"]
[EventCountry "VIE"]

1. c4 e5 2. g3 Nf6 3. Bg2 c6 4. d4 d6 5. Nc3 Nbd7 6. e4 Be7 7. Nf3 O-O 8. O-O
a6 9. a4 Qa5 10. h3 exd4 11. Nxd4 Nc5 12. Be3 Re8 13. Qc2 Bf8 14. Rfe1 Qc7 15.
Rad1 Bd7 16. f4 Rad8 17. g4 Bc8 18. g5 Nfd7 19. Qf2 Qb6 20. Nf5 Qb4 21. Nxd6
Bxd6 22. Rxd6 Nxa4 23. Rd2 Ndc5 24. Red1 Rxd2 25. Rxd2 Nb3 26. Rc2 Na1 27. Rc1
Nb3 28. Rc2 Na1 29. Rc1 Nb3 30. Rc2 Na1 31. Rc1 Nb3 1/2-1/2

[Event "Asian Open Men"]
[Site "Ho Chi Minh"]
[Date "2012.05.09"]
[Round "5"]
[Board "30"]
[White "Djuraev, Sokhib"]
[Black "Ton, That Nhu Tung"]
[Result "1/2-1/2"]
[WhiteElo "2375"]
[BlackElo "2144"]
[PlyCount "103"]
[EventDate "2012.05.05"]
[EventRounds "9"]
[EventCountry "VIE"]

1. e4 c6 2. d4 d5 3. e5 Bf5 4. Nf3 e6 5. Be2 c5 6. Be3 cxd4 7. Nxd4 Ne7 8. f4
Nbc6 9. Nd2 Nxd4 10. Bxd4 Nc6 11. Nf3 Be4 12. O-O Be7 13. c3 O-O 14. Bd3 Bxf3
15. Rxf3 Nxd4 16. cxd4 Qb6 17. Bc2 f5 18. Rb3 Qc6 19. Rc1 Qd7 20. Kh1 Kh8 21.
g4 g6 22. Rh3 Rf7 23. Ba4 b5 24. Bc2 Bd8 25. Qe2 Bb6 26. Rd1 Rg8 27. Bb1 a6 28.
Rc3 Rc8 29. Rg3 Qe7 30. b3 Rcf8 31. Qd2 Qa7 32. Qe3 b4 33. Qd2 a5 34. Qe3 Rc7
35. Qd2 Rfc8 36. gxf5 gxf5 37. Rg5 Rg7 38. h4 Rcg8 39. Qf2 h6 40. Rxg7 Qxg7 41.
Rg1 Qxg1+ 42. Qxg1 Rxg1+ 43. Kxg1 Kg7 44. Kf2 Bxd4+ 45. Kf3 Bc3 46. h5 Kf7 47.
Bd3 Bd2 48. Be2 Ke7 49. Bb5 Kd8 50. Bd3 Kc7 51. Bb5 Bc1 52. Kg3 1/2-1/2

[Event "Asian Open Men"]
[Site "Ho Chi Minh"]
[Date "2012.05.09"]
[Round "5"]
[Board "31"]
[White "Farid, Firman Syah"]
[Black "Li, Hanbin"]
[Result "1/2-1/2"]
[WhiteElo "2285"]
[BlackElo "2289"]
[PlyCount "121"]
[EventDate "2012.05.05"]
[EventRounds "9"]
[EventCountry "VIE"]

1. e4 c5 2. Nf3 Nc6 3. d3 g6 4. Nbd2 Bg7 5. g3 d6 6. Bg2 e6 7. O-O Nge7 8. Re1
O-O 9. c3 e5 10. a3 a5 11. a4 Rb8 12. Nc4 h6 13. Be3 f5 14. exf5 Nxf5 15. Bd2
Be6 16. Ne3 Qd7 17. Nxf5 gxf5 18. Nh4 Qf7 19. f4 Ne7 20. Bf3 c4 21. Bh5 Qf6 22.
Qe2 cxd3 23. Qxd3 Rfd8 24. Qb5 Nc6 25. Be3 e4 26. Bb6 Rd7 27. Bd1 Qf7 28. Ra3
d5 29. Bb3 Bf6 30. Raa1 Bxh4 31. gxh4 Qh5 32. Re3 Kh7 33. Rg3 Qxh4 34. Kh1 Qxf4
35. Be3 Qh4 36. Rf1 Rg8 37. Rf4 Qh5 38. Rxg8 Kxg8 39. Qf1 Rg7 40. Bd1 Qg5 41.
Rxe4 dxe4 42. Bxg5 hxg5 43. Qb5 Re7 44. Kg1 Kg7 45. Kf2 Kf6 46. b4 axb4 47.
cxb4 e3+ 48. Ke1 Rd7 49. Qe2 Bf7 50. b5 Nd4 51. Qb2 Ke5 52. Qc3 Ke4 53. a5 f4
54. Bc2+ Kf3 55. a6 bxa6 56. bxa6 Nxc2+ 57. Qxc2 Rd2 58. Qh7 Ra2 59. Qh3+ Ke4
60. Qh7+ Kf3 61. Qh3+ 1/2-1/2

[Event "Asian Open Men"]
[Site "Ho Chi Minh"]
[Date "2012.05.09"]
[Round "5"]
[Board "33"]
[White "Hamdani, Rudin"]
[Black "Ferdiman, Tersiman"]
[Result "1-0"]
[WhiteElo "2322"]
[BlackElo "2009"]
[PlyCount "45"]
[EventDate "2012.05.05"]
[EventRounds "9"]
[EventCountry "VIE"]

1. e4 e5 2. f4 d6 3. d4 exf4 4. Bxf4 h5 5. Nc3 g5 6. Be3 Bg7 7. Qd2 g4 8. O-O-O
Nc6 9. Nge2 Bd7 10. Nf4 Nce7 11. h3 c6 12. Be2 f5 13. hxg4 hxg4 14. Nh5 Rxh5
15. Rxh5 Nf6 16. Rg5 Bh6 17. Rh1 Bxg5 18. Bxg5 Nfg8 19. Bc4 d5 20. exd5 b5 21.
Bb3 b4 22. d6 bxc3 23. Qe2 1-0

[Event "Asian Open Men"]
[Site "Ho Chi Minh"]
[Date "2012.05.09"]
[Round "5"]
[Board "34"]
[White "Sapar, Emelbek"]
[Black "Wahono, Awam"]
[Result "0-1"]
[WhiteElo "2380"]
[BlackElo "2405"]
[PlyCount "70"]
[EventDate "2012.05.05"]
[EventRounds "9"]
[EventCountry "VIE"]

1. d4 Nf6 2. c4 e6 3. Nc3 Bb4 4. Qc2 c5 5. dxc5 O-O 6. a3 Bxc5 7. Nf3 d5 8. Bg5
dxc4 9. e3 Nbd7 10. Bxc4 a6 11. Rd1 b5 12. Ba2 Be7 13. Bb1 g6 14. Ne5 Qe8 15.
Nxd7 Bxd7 16. Bh6 Bc6 17. Bxf8 Qxf8 18. O-O Qb8 19. Qe2 h5 20. h3 Bc5 21. Rfe1
Qe5 22. f3 Kg7 23. Ne4 Nxe4 24. Bxe4 Bxe4 25. fxe4 Bd6 26. Qf3 Qh2+ 27. Kf2 h4
28. Rh1 Qe5 29. Rd2 Rc8 30. Rhd1 Rc6 31. Rf1 g5 32. Ke2 f6 33. Kd1 b4 34. axb4
Bxb4 35. Rc2 Qd6+ 0-1

[Event "Asian Open Men"]
[Site "Ho Chi Minh"]
[Date "2012.05.10"]
[Round "6"]
[Board "3"]
[White "Salem, A R  Saleh"]
[Black "Liu, Qingnan"]
[Result "1/2-1/2"]
[WhiteElo "2528"]
[BlackElo "2483"]
[PlyCount "91"]
[EventDate "2012.05.05"]
[EventRounds "9"]
[EventCountry "VIE"]

1. d4 d6 2. Nf3 g6 3. g3 Bg7 4. Bg2 c5 5. O-O cxd4 6. Nxd4 Qb6 7. Nb3 Nc6 8.
Nc3 Nf6 9. e4 O-O 10. h3 Be6 11. Nd5 Bxd5 12. exd5 Ne5 13. Be3 Qc7 14. Bd4 Nc4
15. Nd2 Nd7 16. Nxc4 Qxc4 17. Bxg7 Kxg7 18. Re1 Rfe8 19. Re4 Qc5 20. Qd2 Rac8
21. c3 Nf6 22. Rd4 b5 23. a4 a6 24. Bf1 Rc7 25. axb5 axb5 26. Ra5 Rb8 27. c4
Rcc8 28. Rxb5 Rxb5 29. cxb5 Qc2 30. Qb4 Nd7 31. Rd3 Rc4 32. Qb3 Nc5 33. Qxc2
Rxc2 34. Re3 Kf8 35. b4 Nd7 36. Ra3 Rc7 37. Ra6 Rb7 38. Bc4 Ne5 39. Be2 Nd7 40.
Bc4 Ne5 41. Be2 Nd7 42. Ra2 Nb6 43. Rd2 Na4 44. Rc2 Nb6 45. Bf3 Nd7 46. Be2
1/2-1/2

[Event "Asian Open Men"]
[Site "Ho Chi Minh"]
[Date "2012.05.10"]
[Round "6"]
[Board "4"]
[White "Gupta, Abhijeet"]
[Black "Paragua, Mark"]
[Result "0-1"]
[WhiteElo "2644"]
[BlackElo "2521"]
[PlyCount "96"]
[EventDate "2012.05.05"]
[EventRounds "9"]
[EventCountry "VIE"]

1. d4 d5 2. c4 c6 3. Nf3 Nf6 4. Nc3 e6 5. Bg5 h6 6. Bh4 dxc4 7. e4 g5 8. Bg3 b5
9. Be2 Bb7 10. Qc2 Nbd7 11. Rd1 Nh5 12. d5 Nxg3 13. hxg3 Bg7 14. dxe6 fxe6 15.
e5 Qe7 16. Qg6+ Kd8 17. Nd4 Bxe5 18. Nxe6+ Kc8 19. O-O Kb8 20. Qe4 Bc7 21. Qd4
Ne5 22. Bg4 Re8 23. Bf5 Nd3 24. Nxc7 Kxc7 25. Bxd3 cxd3 26. Rc1 Qe5 27. Qxd3
Rad8 28. Qc2 Kb8 29. Nd1 h5 30. Ne3 h4 31. gxh4 gxh4 32. Rfd1 Rxd1+ 33. Rxd1 c5
34. Rd7 Bc6 35. Rf7 c4 36. a4 h3 37. Qf5 Qxb2 38. Qg6 Qa1+ 39. Kh2 Qe5+ 40. f4
Qe6 41. Qxe6 Rxe6 42. axb5 Be8 43. Rf8 Rxe3 44. f5 hxg2 45. f6 Kc7 46. f7 Bxf7
47. Rxf7+ Kb6 48. Kxg2 c3 0-1

[Event "Asian Open Men"]
[Site "Ho Chi Minh"]
[Date "2012.05.10"]
[Round "6"]
[Board "10"]
[White "Ju, Wenjun"]
[Black "Nguyen, Ngoc Truong Son"]
[Result "0-1"]
[WhiteElo "2529"]
[BlackElo "2656"]
[PlyCount "108"]
[EventDate "2012.05.05"]
[EventRounds "9"]
[EventCountry "VIE"]

1. d4 Nf6 2. c4 g6 3. Nc3 d5 4. Nf3 Bg7 5. e3 O-O 6. Be2 c5 7. O-O cxd4 8. exd4
Nc6 9. Be3 Bg4 10. Ne5 Bxe2 11. Qxe2 dxc4 12. Nxc6 bxc6 13. Qxc4 Qd6 14. h3 Nd5
15. Ne4 Qb8 16. Rab1 Qb5 17. Rfc1 Rfc8 18. Qxb5 cxb5 19. Nc3 Nc7 20. Ne2 e6 21.
Kf1 a6 22. Nf4 g5 23. Nh5 h6 24. Nxg7 Kxg7 25. Rc5 Nd5 26. Rbc1 Rg8 27. Ke2 Kf6
28. g3 Ke7 29. Bd2 Kd7 30. Rh1 h5 31. h4 g4 32. Rhc1 Rac8 33. a3 Rxc5 34. dxc5
e5 35. b4 Ke6 36. a4 Ne7 37. axb5 axb5 38. Ra1 Nc6 39. Bc3 f5 40. Ke3 Rc8 41.
Rd1 Rd8 42. Rxd8 Nxd8 43. Kd3 Kd5 44. Bd2 Nc6 45. Bc3 f4 46. Bd2 e4+ 47. Ke2
Nd4+ 48. Kf1 f3 49. Ke1 Kc4 50. Kd1 Kd3 51. Be1 e3 52. fxe3 Kxe3 53. Bc3 Nc6
54. Ke1 Kd3 0-1

[Event "Asian Open Men"]
[Site "Ho Chi Minh"]
[Date "2012.05.10"]
[Round "6"]
[Board "11"]
[White "Nguyen, Van Huy"]
[Black "Zhou, Jianchao"]
[Result "1/2-1/2"]
[WhiteElo "2502"]
[BlackElo "2609"]
[PlyCount "88"]
[EventDate "2012.05.05"]
[EventRounds "9"]
[EventCountry "VIE"]

1. d4 Nf6 2. Nf3 d5 3. c4 e6 4. g3 Bb4+ 5. Bd2 Be7 6. Bg2 O-O 7. O-O c6 8. Qb3
Nbd7 9. Nc3 Nb6 10. c5 Nc4 11. Bf4 b6 12. Qa4 Nxb2 13. Qxc6 Ba6 14. Rfb1 Nc4
15. Qa4 Qc8 16. cxb6 axb6 17. Qd1 Qc6 18. a4 Rfc8 19. Nb5 Ne4 20. Ne5 Nxe5 21.
Bxe5 Qd7 22. f3 Bxb5 23. fxe4 Bxa4 24. Qf1 Bc6 25. Rxa8 Bxa8 26. exd5 Bxd5 27.
e4 Bc4 28. Qf2 b5 29. h4 Rd8 30. d5 exd5 31. exd5 Bxd5 32. Rd1 Qe6 33. Qd4 Bc6
34. Qxd8+ Bxd8 35. Rxd8+ Be8 36. Bd6 Qe3+ 37. Kh2 Qe2 38. Kh3 h5 39. Bc6 Qe6+
40. Kh2 Qe2+ 41. Kh3 Qf1+ 42. Kh2 Qf2+ 43. Kh1 Qe1+ 44. Kh2 Qe2+ 1/2-1/2